ბათუმის შოთა რუსთაველის სახელმწიფო უნივერსიტეტის ბიბლიოთეკა

მეცნიერული კვლევის საფუძვლები. (ბიბ.ჩანაწერი № 34901)

000 -LEADER
fixed length control field 00636nam a2200205Ia 4500
001 - CONTROL NUMBER
control field 724
003 - CONTROL NUMBER IDENTIFIER
control field GE_BSU
008 - FIXED-LENGTH DATA ELEMENTS--GENERAL INFORMATION
fixed length control field 181216s||||||||xx |||||||||||||| ||und||
040 ## - CATALOGING SOURCE
Transcribing agency GE_BSU
080 ## - UNIVERSAL DECIMAL CLASSIFICATION NUMBER
Universal Decimal Classification number 001
245 ## - TITLE STATEMENT
Title მეცნიერული კვლევის საფუძვლები.
245 ## - TITLE STATEMENT
Statement of responsibility, etc. რედ. გ. ჭილაშვილი
260 ## - PUBLICATION, DISTRIBUTION, ETC.
Place of publication, distribution, etc. თბილისი
260 ## - PUBLICATION, DISTRIBUTION, ETC.
Name of publisher, distributor, etc. თბილისის უნ–ტის
260 ## - PUBLICATION, DISTRIBUTION, ETC.
Date of publication, distribution, etc. 1981
300 ## - PHYSICAL DESCRIPTION
Extent 371 გვ.
653 ## - INDEX TERM--UNCONTROLLED
Uncontrolled term მეცნიერულუ კვლევის საფუძველი
942 ## - ADDED ENTRY ELEMENTS (KOHA)
Koha item type წიგნი
ეგზემპლარები
Withdrawn status Lost status Damaged status Not for loan Date acquired Barcode Date last seen Price effective from Koha item type
        2018-12-17 1771 2018-12-17 2018-12-17 წიგნი